000 00439nam a22001697a 4500
005 20250327101251.0
008 250327b |||||||| |||| 00| 0 eng d
020 _a9798888365458
041 _aEng.
082 _a510 PAR
100 _aParrish, Dennis
245 _aIndustrial And Applied Mathematics: Recent Trends
260 _aNew York
_bLarsen and Keller
_c2025
300 _a239;. P. 23 cm
650 _aMathematics
942 _cBK
999 _c43428
_d43428